000 00818nam a2200253Ia 4500
003 OSt
005 20221005062427.0
006 a|||||r|||| 00| 0
007 ta
008 221004b |||||||| |||| 00| 0 eng d
020 _a9781786610430 (hbk)
_cUKP 80.00
024 _a65794
037 _b60410, 06/03/2020, Segment Book Distributors
_cTextual
040 _aCRL
_cCRL
_beng
041 _2eng
_aeng
082 _aW:(R), Q9
100 _aSotiropoulos George Au.
_9601821
245 0 _aMaterialist theory of justice
_b one, the many, the not - yet
260 _aLondon
_bRowman & Littlefield UK
_c2019
300 _aix,256p.
_ccm.
650 _aPOLITICAL SCIENCE
942 _hW:(R), Q9
_cTEXL
_2cc
999 _c969692
_d969692